[Event "BCF-chT4 0506 (4NCL)"]
[Site "West Bromwich"]
[Date "2005.12.04"]
[Round "4.5"]
[White "Birch, Harvey"]
[Black "Lobo, Richard A"]
[Result "1-0"]
[WhiteElo "1755"]
[BlackElo "1945"]
[PlyCount "81"]
[EventDate "2005.11.05"]
[EventType "team"]
[EventRounds "11"]
[EventCountry "ENG"]
[SourceTitle "CBM 109 Extra"]
[Source "ChessBase"]
[SourceDate "2006.01.03"]
[SourceVersion "2"]
[SourceVersionDate "2006.01.03"]
[SourceQuality "1"]
[WhiteTeam "Warwicks Select II"]
[BlackTeam "Pontypridd"]
[WhiteTeamCountry "ENG"]
[BlackTeamCountry "ENG"]

1. c4 Nf6 2. g3 g6 3. Bg2 Bg7 4. Nc3 c5 5. e4 Nc6 6. Nge2 0-0 7. 0-0 Ne8 8. d3 d6 9. Be3 Nd4 10. h3 Nc7 11. Kh2 Rb8 12. Qd2 b5 13. Rab1 b4 14. Nd5 Nxe2 15. Qxe2 Na8 16. Qd2 e6 17. Nf4 Nb6 18. Ne2 Re8 19. Rfc1 Ba6 20. b3 Qc7 21. d4 Rbd8 22. f4 Bb7 23. Qc2 f5 24. e5 Bxg2 25. exd6 Qb7 26. dxc5 Be4 27. Qd2 Nd7 28. c6 Bxc6 29. Bd4 e5 30. fxe5 Nxe5 31. Bxe5 Rxe5 32. Nf4 Bh6 33. Re1 Bxf4 34. Qxf4 Rxe1 35. Rxe1 Be4 36. g4 Qd7 37. c5 Qb5 38. gxf5 Bxf5 39. Qd4 Rf8 40. Re7 Qd3 41. Qg7# 1-0